サマセット・モームの『世界の十大小説』 - Statistics

General Stats
  • This quiz has been taken 9 times
  • The average score is 5 of 10
Answer Stats
作者 小説名 % Correct
スタンダール 『赤と黒』
100%
ハーマン・メルヴィル 『白鯨』
75%
ジェイン・オースティン 『高慢と偏見』
63%
エミリー・ブロンテ 『嵐が丘』
63%
レフ・トルストイ 『戦争と平和』
63%
フョードル・ドストエフスキー 『カラマーゾフの兄弟』
50%
ヘンリー・フィールディング 『トム・ジョーンズ』
25%
オノレ・ド・バルザック 『ゴリオ爺さん』
25%
ギュスターヴ・フロベール 『ボヴァリー夫人』
25%
チャールズ・ディッケンズ 『デイヴィッド・コパフィールド』
0%
No matching quizzes found
Score Distribution
Percent of People with Each Score
Percentile by Number Answered
Your Score History
You have not taken this quiz